| 000 | 00000nam##2200000za#4500 |
| 001 | 9.694931 |
| 003 | CaOODSP |
| 005 | 20210624234338 |
| 007 | cr ||||||||||| |
| 008 | 150407|2005||||xxc|||||o f|0| 0 eng|d |
| 040 | |aCaOODSP|beng |
| 043 | |an-cn--- |
| 086 | 1 |aSC3-157/2005E-PDF |
| 110 | 2 |aPublic Service Commission of Canada. |
| 245 | 10|aSummary report on the Pre-Qualified Pool (PQP) evaluation |h[electronic resource] |
| 246 | 1 |aSummary report on the PQP evaluation |
| 260 | |aOttawa - Ontario : |bPublic Service Commission |c2005. |
| 300 | |a21p. |
| 590 | |a11-24-Supp|b2011-10-24 |
| 775 | 08|tRapport sommaire de l'évaluation du Répertoire de préqualification (RPQ) |w(CaOODSP)9.639107 |
| 856 | 40|ahttp://publications.gc.ca|qPDF|s88 KB|uhttps://publications.gc.ca/collections/collection_2011/cfp-psc/SC3-157-2005-eng.pdf |